Giải pháp nâng cao mức độ hài lòng khách hàng của công ty Bảo Minh Trà Vinh : Luận văn Thạc sĩ Kinh tế, chuyên ngành Quản trị Kinh doanh

Với mức sống đa dạng và nhu cầu ngày càng cao của người dân ngày nay thì nhu cầu về sự an toàn, đảm bảo chất lượng trong đời sống hàng ngày cũng như trong hoạt động sản xuất kinh doanh được xem là yếu tố quan tâm hàng đầu. Đề tài nghiên...

Ful tanımlama

Kaydedildi:
Detaylı Bibliyografya
Yazar: Trần, Việt Bình
Materyal Türü: Kitap
Dil:Undetermined
Baskı/Yayın Bilgisi: Cần Thơ Trường Đại học Cần Thơ 2010
Konular:
Etiketler: Etiketle
Etiket eklenmemiş, İlk siz ekleyin!
Thư viện lưu trữ: Trung tâm Học liệu Trường Đại học Cần Thơ
LEADER 01585nam a2200229Ia 4500
001 CTU_169898
008 210402s9999 xx 000 0 und d
082 |a 658.8 
082 |b B312 
088 |a 60340102 
100 |a Trần, Việt Bình 
245 0 |a Giải pháp nâng cao mức độ hài lòng khách hàng của công ty Bảo Minh Trà Vinh : 
245 0 |b Luận văn Thạc sĩ Kinh tế, chuyên ngành Quản trị Kinh doanh 
245 0 |c Trần Việt Bình ; Từ Văn Bình (Hướng dẫn khoa học) 
260 |a Cần Thơ 
260 |b Trường Đại học Cần Thơ 
260 |c 2010 
520 |a Với mức sống đa dạng và nhu cầu ngày càng cao của người dân ngày nay thì nhu cầu về sự an toàn, đảm bảo chất lượng trong đời sống hàng ngày cũng như trong hoạt động sản xuất kinh doanh được xem là yếu tố quan tâm hàng đầu. Đề tài nghiên cứu và làm rõ các vấn đề trên và giúp cho các doanh nghiệp bảo hiểm trên địa bàn nói chung và Công ty Bảo Minh nói riêng có hướng đi đúng đắn trong cung cách phục vụ, hoàn thiện sản phẩm dịch vụ của mình nhằm thõa mãn thị hiếu của khách hàng. 
650 |a Bảo hiểm-x,Insurance 
650 |x Tiếp thị,Marketing 
904 |i Hồng Nhung 
980 |a Trung tâm Học liệu Trường Đại học Cần Thơ